| 000 | 01768cam a2200133 4500500 | ||
|---|---|---|---|
| 005 | 20260405052325.0 | ||
| 041 | _afre | ||
| 042 | _adc | ||
| 100 | 1 | 0 |
_aJoseph, Isaac _eauthor |
| 245 | 0 | 0 | _aErving Goffman et la microsociologie |
| 260 |
_bPresses Universitaires de France,
_c2002. |
||
| 520 | _aCivilités, rituels, drames, contextes: la microsociologie est l’étude des formes routinières ou inédites de nos engagements en situation. La notion demomentrésume cette caractéristique de la vie publique d’être située et descriptible mais aussi d’être vulnérable, c’est-à-dire ouverte aux malentendus et aux interprétations sur les cadres d’un événement ou d’une action. Confrontées à la pluralité des mondes sociaux, nos compétences sociales se mesurent ordinairement à la capacité que nous avons de surmonter un malaise ou de parvenir à un accord. C’est ce domaine de l’organisation sociale des rencontres que la microsociologie construit comme un domaine de plein droit et dont ce livre tente d’explorer l’architecture conceptuelle et les développements empiriques. En prenant pour objet l’ordre de l’interaction, Erving Goffman (1922-1982) propose à la sociologie de confirmer son héritage en se démarquant des psychologies sociales et des philosophies de l’intersubjectivité. Mais, en écho des interrogations contemporaines sur la notion d’espace public, il l’invite également à décrire et analyser de manière originale et rigoureuse les conditions et les conséquences de l’accessibilité mutuelle constitutive des relations en public dans les situations ordinaires. | ||
| 856 | 4 | 1 | _uhttps://shs.cairn.info/erving-goffman-et-la-microsociologie--9782130535041?lang=fr&redirect-ssocas=7080 |
| 999 |
_c2184430 _d2184430 |
||